00678nam a2200217Ia 4500001002200000003000900022008004100031040002300072041001300095100001800108240003100126245002500157250001500182260002800197300001900225490001000244501012400254520003200378700001700410700003300427846-CLA pa ca (15300)IT-MiSPE171229s9999||||xx |||||||||||||| ||und|| aIT-MiSPEcIT-MiSPE aITALIANO aPaul Claudel  aCorrespondance (1899-1926) 0aCarteggio, 1899-1926 a1a ed. (v) aMilanobGarzanrtic1974 a339 p. c19 cm aSaggi aEdizioni San Paolo srl - Piazza Soncino, 5 - 20092 CINISELLO BALSAMO (MI) (non commercial uses only) ® Copyright 2018 aRobert Mallet (intr., note) aAndré Gide aRenato Arientag(traduzione)